Hoạt động giám sát của đại biểu quốc hội và đoàn đại biểu quốc hội tỉnh Bình Phước: Kết quả, bài học kinh nghiệm và một số kiến nghị

Bewaard in:
Bibliografische gegevens
Hoofdauteur: Tạ, Văn Khôi
Formaat: Boek
Taal:Undetermined
Onderwerpen:
Online toegang:http://lrc.tdmu.edu.vn/opac/search/detail.asp?aID=2&ID=35308
Tags: Voeg label toe
Geen labels, Wees de eerste die dit record labelt!
Thư viện lưu trữ: Trung tâm Học liệu Trường Đại học Thủ Dầu Một
LEADER 00797nam a2200145Ia 4500
001 TDMU_35308
008 210410s9999 xx 000 0 und d
082 |a 363.7 
100 |a Tạ, Văn Khôi 
245 0 |a Hoạt động giám sát của đại biểu quốc hội và đoàn đại biểu quốc hội tỉnh Bình Phước: Kết quả, bài học kinh nghiệm và một số kiến nghị 
245 0 |c Tạ Văn Khôi 
300 |a Tr.72-76 
650 |a Chính trị - Xã hội; Giám sát; Đại biểu quốc hội; Bình Phước; Kết quả; Bài học kinh nghiệm; Kiến nghị 
856 |u http://lrc.tdmu.edu.vn/opac/search/detail.asp?aID=2&ID=35308 
980 |a Trung tâm Học liệu Trường Đại học Thủ Dầu Một